Sedimenty v zdrži VD Gabčíkovo zhodnotenie vývoja kvality za obdobie rokov 1996-2006

Bibliographic Details
Main Authors: Valúchová, Magdaléna (Author), Kučárová, Katarína (Author), Kobelová, Mária (Author)
Format: Article
Language:Slovak
ISSN:0322-886X
Subjects:

MARC

LEADER 00000nab a2200000 a 4500
001 vtls009344194
003 SK-MaSNL
005 20260304151825.0
008 250506c20080910xo r p 000 00slo
015 |a SNBRB2008/10SVKPO 
035 |a (uuid)1fbf0200-fcbe-486f-bb83-58f73a4a67d6 
035 |a urn:nbn:sk:snk-abad3h 
035 |a (urnnbn)urn:nbn:sk:snk:ar-a09xp3 
038 |a SVKPOCL 
040 |a SNKBUCL  |b slo  |c SNKBUCL  |e AACR2 
041 0 |a slo 
044 |a xo  |c SK 
080 |a 551.31/.35.051  |2 2001 
080 |a 627.8(437.6)  |2 2001 
080 |a 628.1(437.6)  |2 2001 
080 |a (282.243.73)  |2 2001 
100 1 |a Valúchová, Magdaléna  |4 aut  |9 502662 
245 1 0 |a Sedimenty v zdrži VD Gabčíkovo  |b zhodnotenie vývoja kvality za obdobie rokov 1996-2006  |c Magdaléna Valúchová, Katarína Kučárová, Mária Kobelová 
504 |a Bibliogr. odkazy 
650 0 7 |a sedimenty  |2 svkpocl  |9 24565 
651 7 |a Gabčíkovo (Slovensko : vodné dielo)  |2 svkpocl  |9 131675 
700 1 |a Kučárová, Katarína  |4 aut  |9 502661 
700 1 |a Kobelová, Mária  |4 aut  |9 1473477 
773 0 |t Vodohospodársky spravodajca  |g Roč. 51, č. 9-10 (2008), s. 7-9  |x 0322-886X 
850 |a Slovenská národná knižnica 
852 |a Slovenská národná knižnica 
954 |a odborná, vedecká literatúra pôvodná (slovenská)  |2 lita 
958 |a article14 
958 |a NB 
958 |a SK 
958 |a OND 
958 |a EUIPO 
999 |c 2945970  |d 2947900